Từ nhà thuyền, nhà bè đến nhà bê tông - Sự thích ứng của cư dân thuỷ điện khi lên bờ tái định cư /

保存先:
書誌詳細
第一著者: Nguyễn Duy Thiệu.
フォーマット: 論文
言語:Vietnamese
主題:
タグ: タグ追加
タグなし, このレコードへの初めてのタグを付けませんか!
Thư viện lưu trữ: Thư viện Trường Đại học Đà Lạt
LEADER 00851nam a2200277 4500
001 DLU170178596
005 ##20161105
040 # # |a DLU  |b vie 
041 # # |a vie 
044 # # |a vn 
100 # # |a Nguyễn Duy Thiệu. 
245 # # |a Từ nhà thuyền, nhà bè đến nhà bê tông - Sự thích ứng của cư dân thuỷ điện khi lên bờ tái định cư /  |c Nguyễn Duy Thiệu 
653 # # |a Định cư 
653 # # |a Cư dân 
653 # # |a Nhà cửa 
653 # # |a Sự thích ứng 
773 # # |t Nghiên cứu Đông Nam Á  |g Số 9, 2015, tr. 62-67 
920 # # |a Phòng Tạp chí -- Trung tâm Thông tin - Thư viện Trường Đại học Đà Lạt 
994 # # |a DLU 
900 # # |a True 
911 # # |a Nguyễn Thị Tưởng 
925 # # |a G 
926 # # |a A 
927 # # |a BB 
980 # # |a Thư viện Trường Đại học Đà Lạt